000 00272nam a2200085Ia 4500
245 0 _aBusiness communication in perspective
100 _a RUDANSKY-KLOPPERS, Sharon Claremont, South Africa, [c.2002]
_985160
942 _cBK
008 210817s9999 xx 000 0 und d
999 _c316859
_d316858